Виктор Валентинович Корниевский; Мы - математики

Podrobná bibliografie
Parent link:Мы - математики.— 2002.— С. 46-49
Hlavní autor: Ивлев Е. Т. Евгений Тихонович
Jazyk:ruština
Vydáno: 2002
Témata:
Médium: MixedMaterials Kapitola
KOHA link:https://koha.lib.tpu.ru/cgi-bin/koha/opac-detail.pl?biblionumber=191490

MARC

LEADER 00000naa2a2200000 4500
001 191490
005 20231031180722.0
035 |a (RuTPU)RU\TPU\book\208792 
090 |a 191490 
100 |a 20110205d2002 k y0rusy50 ca 
101 0 |a rus 
102 |a RU 
200 1 |a Виктор Валентинович Корниевский  |f Е. Т. Ивлев 
463 0 |0 (RuTPU)RU\TPU\book\46950  |t Мы - математики  |f Томский политехнический университет. Кафедра высшей математики  |v С. 46-49  |d 2002  |p 105 с. 
610 1 |a высшая математика 
610 1 |a кафедры 
610 1 |a педагогическая деятельность 
610 1 |a нравственные ценности 
610 1 |a личностные качества 
610 1 |a преподавание 
610 1 |a труды учёных ТПУ 
700 1 |a Ивлев  |b Е. Т.  |c российский математик  |c профессор кафедры высшей математики Томского политехнического института  |f 1935-  |g Евгений Тихонович  |2 stltpush  |3 (RuTPU)RU\TPU\pers\19793 
801 1 |a RU  |b 63413507  |c 20110205 
801 2 |a RU  |b 63413507  |c 20110205  |g RCR 
942 |c BK